Introduction aux sciences humaines
Збережено в:
| Автор: | |
|---|---|
| Формат: | Книга |
| Мова: | Undetermined |
| Опубліковано: |
París, Francia
Les belles lettres
1960
|
| Предмети: | |
| Теги: |
Додати тег
Немає тегів, Будьте першим, хто поставить тег для цього запису!
|
MARC
| LEADER | 00000nam a2200000Ia 4500 | ||
|---|---|---|---|
| 008 | 170316s9999 xx 000 0 und d | ||
| 090 | |a 100 G-65i | ||
| 100 | |a Gusdorf, Georges | ||
| 245 | |a Introduction aux sciences humaines | ||
| 260 | |a París, Francia | ||
| 260 | |b Les belles lettres | ||
| 260 | |c 1960 | ||
| 300 | |a 522 páginas | ||
| 650 | |a FILOSOFÍA SOCIAL | ||
| 999 | |c 16366 |d 16366 | ||
| 040 | |a cru BVZT | ||
| 942 | |c 15 D |h 100 G-65i |2 z | ||
